| 000 | 01023nam0a22002891 4500 | ||
|---|---|---|---|
| 001 | v19\rc\1654091 | ||
| 005 | 20250619004102.0 | ||
| 035 | _a(NLR Aleph) 004764875 | ||
| 090 |
_a4600687 _c4600687 |
||
| 100 | _a20061002d1893 |||y0rusy50 ca | ||
| 101 | 0 | _arus | |
| 102 | _aRU | ||
| 105 | _ay z ||||| | ||
| 200 | 1 |
_aО загробной жизни, или о том, как живут люди после смерти _fСост. на основании учения свящ. писания и творений святых отец В.М. Грудовым |
|
| 205 | _a2-е изд., испр. и доп. | ||
| 210 |
_aМосква _cтип. Вильде _d1893 |
||
| 215 |
_a64 с. _d21 |
||
| 517 | 0 | _aО том, как живут люди после смерти | |
| 700 | 1 |
_aГрудов _bВ. _4220 |
|
| 801 | 0 |
_aRU _bNLR _gpsbo |
|
| 801 | 0 |
_aRU _bRuMoRGB _2psbo |
|
| 801 | 1 |
_aRU _bProSoft-M _2rusmarc |
|
| 852 |
_aNLR _j18.181.6.335 |
||
| 899 |
_aRuMoRGB _jA 207/756 |
||
| 899 | _aБАН | ||
| 942 | _cBOOK | ||
| 980 | _aNB | ||